Catálogo
 En Linea

Constitución Dominicana y un ¡Grito de Alerta Dominicanos! / (Registro nro. 43291)

Detalles MARC
000 -CABECERA
campo de control de longitud fija 00573nam a2200157 a 4500
001 - NÚMERO DE CONTROL
campo de control 000043802
005 - FECHA Y HORA DE LA ÚLTIMA TRANSACCIÓN
campo de control 20201002044956.0
008 - DATOS DE LONGITUD FIJA--INFORMACIÓN GENERAL
campo de control de longitud fija 140501s2004 dr 000 0 spa d
040 ## - FUENTE DE LA CATALOGACIÓN
Centro catalogador/agencia de origen DO-SdBNP
Lengua de catalogación spa
Centro/agencia transcriptor BNPHU
100 1# - ENTRADA PRINCIPAL--NOMBRE DE PERSONA
Nombre de persona Rosa Garabito, Emiliano de la
9 (RLIN) 71640
245 10 - MENCIÓN DE TÍTULO
Título Constitución Dominicana y un ¡Grito de Alerta Dominicanos! /
Mención de responsabilidad, etc. Emiliano de la Rosa Garabito.
260 ## - PUBLICACIÓN, DISTRIBUCIÓN, ETC.
Lugar de publicación, distribución, etc. Santo Domingo, :
Nombre del editor, distribuidor, etc. [s.d.],
Fecha de publicación, distribución, etc. 2004.
300 ## - DESCRIPCIÓN FÍSICA
Extensión 77 p. ;
Dimensiones 25 cm.
500 ## - NOTA GENERAL
Nota general Incluye datos biografícos del autor
590 ## - NOTA LOCAL (RLIN)
Nota local La biblioteca posee tres ejemplares autografíados por el autor
Existencias
Estado de retiro Estado de pérdida No para préstamo Código de colección Localización permanente Ubicación/localización actual Ubicación en estantería Fecha de adquisición Número de inventario Total de préstamos Signatura topográfica completa Código de barras Fecha visto por última vez Número de copia Precio válido a partir de Tipo de ítem Koha
    Excluido de préstamo Dominicana de Servicio General General En catalogación 01.05.2014 LF1   43802-30 25.06.2020 e. 3 25.06.2020 Libro y Folleto Colección Dominicana de Servicio
    Excluido de préstamo Patrimonio Dominicano Patrimonio Dominicano Patrimonio Dominicano En catalogación 01.05.2014 LF1   43802-10 25.06.2020   25.06.2020 Libro y Folleto Colección Patrimonio Dominicano
    Excluido de préstamo Patrimonio Dominicano Patrimonio Dominicano Patrimonio Dominicano En catalogación 01.05.2014 LF1   43802-20 25.06.2020 e. 2 25.06.2020 Libro y Folleto Colección Patrimonio Dominicano

Con tecnología Koha